Alejandro Magno: hombre y mito

I tiakina i:
Ngā taipitopito rārangi puna kōrero
Ngā kaituhi matua: Alvar, Jaime (Author), Blázquez Martínez, José María (Author)
Hōputu: Pukapuka
Reo:Pāniora
I whakaputaina: Madrid Actas 2000
Ngā marau:
Ngā Tūtohu: Tāpirihia he Tūtohu
Kāore He Tūtohu, Me noho koe te mea tuatahi ki te tūtohu i tēnei pūkete!

MARC

LEADER 00000nam a2200000 a 4500
001 UCJ1728
003 CL-VaPUC
008 061110e20000000SP |||||||||||||||||spa|d
020 |a 8487863892 
082 0 4 |a 938.1  |b ALV  |2 21 
100 0 |a Alvar, Jaime  |e author  |9 502445 
700 |a Blázquez Martínez, José María  |e author  |9 558283 
245 1 0 |a Alejandro Magno: hombre y mito 
300 |a 253 p 
942 |c BK 
945 |d 20061110 00:00:00  |a jtorresc 
260 |a Madrid  |b Actas  |c 2000 
600 0 |a Magno, Alejandro  |9 318232 
650 0 |a Historia antigua  |9 267521 
650 0 |a Civilizaciones antiguas  |9 265998 
583 |a last modification  |c 20061110 00:00:00  |k Rodrigo Vera 
999 |c 318220  |d 318218 
952 |0 0  |1 0  |4 0  |6 938_100000000000000_ALV_2000  |7 0  |8 A  |9 395702  |a BIBHIS  |b BIBHIS  |d 2019-11-22  |i 4290127  |o 938.1 ALV 2000  |p 4290127  |r 2025-01-20  |w 2019-11-22  |y BK  |k HIS